US Television Show Origins Quiz Stats

 Plays Quiz Updated May 4, 2018

Score 0/14 Timer 04:00
1 Play Today
US Television Show Country of Origin % Correct
The OfficeUnited Kingdom
96.9%
American Ninja WarriorJapan
88.6%
The ReturnedFrance
85.2%
The SlapAustralia
75.5%
No TomorrowBrazil
71.7%
HumansSweden
70.4%
EyewitnessNorway
64%
US Television Show Country of Origin % Correct
The KillingDenmark
59.7%
Big BrotherNetherlands
56.4%
The Good DoctorSouth Korea
45.8%
The MoleBelgium
44%
Ugly BettyColombia
43.7%
Jane the VirginVenezuela
34%
In TreatmentIsrael
32.6%

You're not logged in!

Compare scores with friends on all Sporcle quizzes.
OR
Log In

Sporcle TV

Today on Sporcle TV


Watch our educational content, quiz creation guides, and fun videos on Sporcle TV.

Show Comments

Extras

Top Quizzes Today


Score Distribution

Your Account Isn't Verified!

In order to create a playlist on Sporcle, you need to verify the email address you used during registration. Go to your Sporcle Settings to finish the process.

Report this User

Report this user for behavior that violates our Community Guidelines.

Details: